Poema del Cid: texto antiguo según la edición crítica

Đã lưu trong:
Chi tiết về thư mục
Định dạng: Sách
Ngôn ngữ:Tiếng Tây Ban Nha
Được phát hành: Buenos Aires Losada 1940
Loạt:Las cien obras maestras de la literatura y del pensamiento universal, 1
Những chủ đề:
Các nhãn: Thêm thẻ
Không có thẻ, Là người đầu tiên thẻ bản ghi này!

MARC

LEADER 00000nam a2200000 a 4500
001 UCY2060
003 CL-VaPUC
008 941007e19400000AG |||||||||||||||||spa|d
082 0 4 |a 861  |b POE  |2 21 
245 1 0 |a Poema del Cid: texto antiguo según la edición crítica 
300 |a 289 p 
942 |c BK 
945 |d 19941007 00:00:00  |a oaravena 
260 |a Buenos Aires  |b Losada  |c 1940 
650 7 |a POESIAS EPICAS ESPAÑOLAS  |2 CL-VaPUC  |9 267774 
583 |a last modification  |c 19941007 00:00:00  |k Rodrigo Vera 
490 0 |a Las cien obras maestras de la literatura y del pensamiento universal, 1 
999 |c 230569  |d 230567 
952 |0 0  |1 0  |4 0  |6 861_000000000000000_POE_1940  |7 0  |8 R  |9 232940  |a BIBEDU  |b BIBEDU  |c MCIRC  |d 2019-11-15  |i 3023966  |o 861 POE 1940  |p 3023966  |r 2023-01-13  |w 2019-11-15  |y BK_R  |k LIT